LA REFORMA AGRARIA EN LAS FILAS VILLISTAS : (Registro nro. 2629)
[ vista simple ]
| 000 -LEADER | |
|---|---|
| fixed length control field | 00571nam a2200181 a 4500 |
| 001 - CONTROL NUMBER | |
| control field | 2629 |
| 005 - DATE AND TIME OF LATEST TRANSACTION | |
| control field | 20180713182612.0 |
| 008 - FIXED-LENGTH DATA ELEMENTS--GENERAL INFORMATION | |
| fixed length control field | 140415s1966 mx 000 0 spa d |
| 041 ## - LANGUAGE CODE | |
| Language code of text/sound track or separate title | spa |
| 082 ## - DEWEY DECIMAL CLASSIFICATION NUMBER | |
| Classification number | 972.0613 |
| Item number | GOM |
| 100 1# - MAIN ENTRY--PERSONAL NAME | |
| Personal name | GOMEZ, MARTE R. |
| 245 13 - TITLE STATEMENT | |
| Title | LA REFORMA AGRARIA EN LAS FILAS VILLISTAS : |
| Remainder of title | AÑOS 1913 A 1915 Y 1920 |
| 250 ## - EDITION STATEMENT | |
| Edition statement | 1a ed. |
| 260 ## - PUBLICATION, DISTRIBUTION, ETC. | |
| Place of publication, distribution, etc. | MEXICO : |
| Name of publisher, distributor, etc. | TALLERES GRAFICOS DE LA NACION, |
| Date of publication, distribution, etc. | 1966 |
| 300 ## - PHYSICAL DESCRIPTION | |
| Extent | 352 |
| 490 ## - SERIES STATEMENT | |
| Series statement | BIBLIOTECA DEL INEHRM |
| Volume/sequential designation | 39 |
| 650 14 - SUBJECT ADDED ENTRY--TOPICAL TERM | |
| Topical term or geographic name entry element | MEXICO |
| General subdivision | HISTORIA, 1917 |
| -- | REFORMA AGRARIA |
| -- | MEXICO |
| -- | HISTORIA, 1917 |
| Withdrawn status | Lost status | Source of classification or shelving scheme | Damaged status | Not for loan | Collection code | Home library | Current library | Shelving location | Date acquired | Source of acquisition | Inventory number | Total Checkouts | Full call number | Barcode | Date last seen | Price effective from | Koha item type |
|---|---|---|---|---|---|---|---|---|---|---|---|---|---|---|---|---|---|
| Dewey Decimal Classification | General | Biblioteca Karol Wojtyla | Biblioteca Karol Wojtyla | Sala general | 03/12/2013 | Compra | 151000000000000000037842 | 972.0613 GOM | 13477 | 05/01/2026 | 03/12/2013 | Libro |